000 00527cam a22002051 4500
001 af 48003375
003 DLC
005 20260227110901.0
008 890522s1944 be 000 1 dut c
010 _aaf 48003375
035 _a(OCoLC)19748169
040 _aCalifornia. Univ. Libr.
_cCU
_dDLC
042 _apremarc
050 0 0 _aPT6434.L43
_bH4
100 1 _aLampo, Hubert.
245 1 0 _aHelene Defraye,
_broman.
260 _aBrussel,
_bA. Manteau
_c[1944]
300 _a230 p.
_c20 cm.
500 _aErratum slip inserted.
999 _c5549
_d5549